000
00308nam a22001457a 4500
008
221028b ||||| |||| 00| 0 eng d
020
_a
x001c9ky9l
041
_a
eng
080
_a
610.73
082
_a
610.73 PAR
100
_a
9
101
_a
MJEK
245
_a
HEARING AIDS
_c
PARKER PH
942
_2
udc
_c
BK
999
_c
58684
_d
58684